| 000 | 00464nam a2200121 a 4500 | ||
|---|---|---|---|
| 008 | 120416s9999 ||||||||||||||||| || u | ||
| 050 | _aTHESIS | ||
| 100 | _aLungu, Cosmas | ||
| 245 | 1 | 0 | _aPopulation dynamics of the main commercial species of the Bangweulu fishery |
| 260 | _aUniversity of Kuopio | ||
| 350 | _a0.00 | ||
| 995 |
_D0.00 _FCBU-MAIN LIBRARY (Kitwe) _H1 _I0.00 _M1 _UAVAILABLE _ZUniversity Collection |
||
| 999 |
_c54016 _d54016 |
||